000 00582nas a2200193 a 4500
001 000037009
003 DLC
005 20200930080100.0
008 120208c19309999dr ur1pdd 0 0spa d
040 _aDO-SdBNP
043 _anwdr
245 0 0 _aExcursión botanica al nord-oeste de la República Dominicana.
260 _aSanto Domingo :
_bImprenta J. R. Vda. García Sucesores,
_c1930.
300 _av. ;
_c23 cm.
310 _aNúm. 17, Enero 1930
362 1 _a1930
650 0 _aFlora y fauna dominicana
_zRepública Dominicana
_963414
651 0 _aRepública Dominicana
_910483
999 _c36499
_d36499